| 000 | 00361nam a22001217a 4500 | ||
|---|---|---|---|
| 082 |
_aP-398 _cProject |
||
| 245 | _aFeasibility of use of stone mastic asphalt using marshall and gyratory compaction test | ||
| 260 |
_aMCE _bIjlal hussain, Shamyl khan. _c31-05-2008 |
||
| 300 |
_a137p.: _c50cm. |
||
| 526 |
_a0 _b0 _c0 _dP_398 |
||
| 650 | _aProject | ||
| 942 |
_2ddc _cBK |
||
| 999 |
_c551107 _d551107 |
||